Export development strategies : U.S. promotion policy /

Bibliographic Details
Main Author: Czinkota, Michael R.
Format: Book
Language:English
Published: New York, N.Y. : Praeger, 1982.
Subjects:

MARC

Tag First Indicator Second Indicator Subfields
LEADER 00000pam a2200000 a 4500
001 in00000099310
005 20150924160159.0
008 810818s1982 nyu b 00110 eng
010 |a  81013919  
020 |a 0030597188 :  |c $21.95 
035 |a (OCoLC)07734361 
035 |9 AAL0187AM 
040 |a DLC  |c DLC  |d TXA  |d UtOrBLW 
043 |a n-us--- 
049 |a TXAM  |c [986070] 
050 0 0 |a HF1455  |b .C95 1982 
082 0 |a 382/.63/0973  |2 19 
100 1 |a Czinkota, Michael R. 
245 1 0 |a Export development strategies :  |b U.S. promotion policy /  |c Michael R. Czinkota. 
264 1 |a New York, N.Y. :  |b Praeger,  |c 1982. 
300 |a xvi, 151 pages ;  |c 25 cm. 
336 |a text  |b txt  |2 rdacontent 
337 |a unmediated  |b n  |2 rdamedia 
338 |a volume  |b nc  |2 rdacarrier 
500 |a Includes index. 
504 |a Bibliography: pages 137-147. 
650 0 |a Foreign trade promotion  |z United States. 
650 0 |a Export marketing  |z United States. 
651 0 |a United States  |x Commerce. 
999 |a MARS 
999 f f |s 179ff2d4-54b6-34c2-a1c0-d5cee77ccf6d  |i 6005ef0d-199e-3542-acdf-5c835ed94ac4  |t 0 
952 f f |p ric  |a Texas A&M University  |b Rellis Campus  |c Joint Library Facility  |d Remote Storage  |t 0  |e HF1455 .C95 1982  |h Library of Congress classification  |i unmediated -- volume  |m A14806047560 
998 f f |a HF1455 .C95 1982  |t 0  |l Remote Storage